Un département, un monument - Statistiques

Statistiques générales
  • Ce quiz a été pris 108 fois
    107 depuis la dernière actualisation
  • Le résultat moyen est 50 sur 101
Statistiques - réponses
Par images Hint Réponse % Correct
Tour Eiffel Paris
97%
Citadelle d'Ajaccio Corse-du-Sud
91%
Vieux-Port de La Rochelle Charente-Maritime
83%
Centre spatial de Kourou Guyane
83%
Beffroi de l'Hôtel de Ville d'Arras Pas-de-Calais
80%
Remparts de Saint-Malo Ille-et-Vilaine
78%
Circuit des 24 heures Sarthe
77%
Parlement européen Bas-Rhin
76%
Pont de Saint-Nazaire Loire-Atlantique
76%
Arènes de Nîmes Gard
74%
Château de Versailles Yvelines
74%
Alignements de Carnac Morbihan
73%
Notre-Dame-de-la-Garde Bouches-du-Rhône
71%
Hospices de Beaune Côte-d'Or
71%
Château d'Angers Maine-et-Loire
70%
Cathédrale Saint-Étienne de Metz Moselle
70%
Hôtel de ville de Valenciennes Nord
70%
Château de Foix Ariège
69%
Cité de Carcassonne Aude
69%
Cathédrale Saint-Étienne de Bourges Cher
67%
Donjon de Niort Deux-Sèvres
67%
Basilique-Cathédrale Saint-Denis Seine-Saint-Denis
67%
Grande Arche de la Défense Hauts-de-Seine
66%
Ancien hôtel de ville de Saint-Denis La Réunion
66%
Sanctuaire Notre-Dame de Lourdes Hautes-Pyrénées
64%
Château Royal de Blois Loir-et-Cher
64%
Palais ducal de Nevers Nièvre
64%
Basilique Notre-Dame de Fourvière Rhône
64%
Cathédrale de Chartres Eure-et-Loir
63%
Capitole Haute-Garonne
63%
Grand Ensemble de Sarcelles Val d'Oise
63%
Viaduc de Millau Aveyron
62%
Citadelle de Briançon Hautes-Alpes
62%
Remparts et château de Dinan Côtes d'Armor
60%
Phare de la jument Finistère
60%
Grottes de Lascaux (Centre international de l'art pariétal) Dordogne
59%
La petite Venise Haut-Rhin
59%
Arènes de Dax Landes
59%
Cité religieuse de Rocamadour Lot
58%
Château de Chenonceau Indre-et-Loire
57%
Pont-Canal d'Agen Lot-et-Garonne
57%
Palais des Papes Vaucluse
57%
Château de Compiègne Oise
56%
Vieux château de l'île d'Yeu Vendée
56%
Place de la Bourse Gironde
53%
Collégiale Notre-Dame de Dole Jura
53%
Place Stanislas Meurthe-et-Moselle
53%
Château de Vincennes Val-de-Marne
53%
Maison et jardins de Claude Monet à Giverny Eure
52%
Lion de Bartholdi Territoire de Belfort
52%
Place de la comédie Hérault
50%
Ancienne usine sucrière d'Hajangua Mayotte
50%
Cathédrale Notre-Dame-de-l'Assomption Puy-de-Dôme
50%
Village martyr d'Oradour-sur-Glane Haute-Vienne
49%
Ossuaire de Douaumont Meuse
49%
Palais Idéal du Facteur Cheval Drôme
47%
Téléphérique du Mont Faron Var
47%
Cathédrale Saint-Pierre de Saint-Flour Cantal
44%
Mémorial Charles de Gaulle Haute-Marne
43%
Boulevard des Pyrénées Pyrénées-Atlantiques
43%
Le Castillet Pyrénées-Orientales
43%
Château d'Allemagne-en-Provence Alpes-de-Haute-Provence
42%
Monastère de la Grande Chartreuse Isère
42%
Palais des Festivals et des Congrès Alpes-Maritimes
40%
Château d'Aubenas Ardèche
40%
Abbaye de Cluny Saône-et-Loire
40%
Abbaye de Hautecombe Savoie
40%
Le Gros Horloge Seine-Maritime
40%
Cathédrale Sainte-Cécile Tarn
40%
Remparts de Provins Seine-et-Marne
38%
Palais des ducs d'Aquitaine Vienne
38%
Maison de George Sand Indre
37%
Statue de Notre-Dame de France Haute-Loire
36%
Cloître de Moissac Tarn-et-Garonne
36%
Fort Napoléon Guadeloupe
35%
Château d'Yvoire Haute-Savoie
35%
Monastère royal de Brou Ain
34%
Fosse Dionne de Tonnerre Yonne
33%
Prieuré de Pommiers-en-Forez Loire
31%
Cité de la Mer Manche
28%
Place Ducale Ardennes
27%
Saline royale d'Arc-et-Senans Doubs
26%
Chapelle Notre-Dame du Haut Haute-Saône
26%
Haras national du Pin Orne
26%
Thermes de Plombières-les-Bains Vosges
26%
Familistère de Guise Aisne
24%
Cité internationale de la tapisserie Creuse
24%
Cathédrale Sainte-Croix Loiret
24%
Cathédrale Saint-Pierre-et-Saint-Paul Aube
22%
Abbaye-aux-Hommes Calvados
22%
Site archéologique d'Aléria Haute-Corse
22%
Centre thermal des Dômes Allier
20%
Château de Barbezieux Charente
20%
Abbaye de Flaran Gers
19%
Habitation Céron Martinique
19%
Cathédrale Notre-Dame et palais du Tau Marne
17%
Haras national de Pompadour Corrèze
16%
Site archéologique de Jublains Mayenne
16%
Parc Boussard de Landry Essonne
15%
Cathédrale Notre-Dame et Saint Privat Lozère
15%
Château de Rambures Somme
15%
Aucun quiz correspondant
Distribution des résultats
% des personnes avec chaque résultat
Percentile par nombre de réponses
Votre historique - résultats
Vous n’avez pas pris ce quiz depuis la dernière actualisation